French or... British? - Statistics

General Stats
  • This quiz has been taken 47 times
  • The average score is 13 of 15
Answer Stats
Question Answer % Correct
Daniel Radcliffe British
100%
Rugby British
100%
Stonehenge British
100%
Fish and Chips British
100%
The Beatles British
100%
Steam Locomotive British
100%
Bonsoir French
100%
Ratatouille French
100%
Voltaire French
100%
Bloke British
91%
Eiffel Tower French
91%
Statue of Liberty French
91%
Victor Hugo French
82%
Ping-Pong British
45%
Hot Air Balloon French
45%
No matching quizzes found
Score Distribution
Percent of People with Each Score
Percentile by Number Answered
Your Score History
You have not taken this quiz